| 000 | 00417nam a2200157 i 4500 | ||
|---|---|---|---|
| 001 | 76450 | ||
| 003 | ES-MaACL | ||
| 005 | 20230906172838.0 | ||
| 007 | t| | ||
| 008 | 041001s1930 sp ||||1| spa d | ||
| 245 | 0 | 0 | _aGuía general de Colón y zona del Canal. |
| 260 |
_aPanamá : _b[s.n., _c1930] ( _fImp. Nacional) |
||
| 300 |
_a256 p. ; _c25 cm. |
||
| 651 | 4 |
_aCanal de Panamá. _97941 |
|
| 852 |
_aES-MaACL _jB-4939 |
||
| 999 |
_c76450 _d76450 |
||